[Event "XIV Magistral de la Republica Argentina"]
[Site "Villa Martelli, ARG"]
[Date "2010.08.04"]
[Round "1"]
[White "Slipak, Sergio"]
[Black "Mareco, Sandro"]
[Result "1/2-1/2"]
[WhiteElo "2440"]
[BlackElo "2527"]

1. c4 e5 2. Nc3 Nc6 3. Nf3 Nf6 4. e4 Bb4 5. d3 d6 6. g3 a6 7. Bg2 O-O 8. O-O
h6 9. Nd5 Bc5 10. Rb1 Bg4 11. h3 Bxf3 12. Bxf3 Nxd5 13. cxd5 Nd4 14. b4 Bb6
15. Be3 a5 16. b5 a4 17. Bg2 Qd7 18. Bxd4 Bxd4 19. Qg4 Qe8 20. h4 Ra5 21. Bh3
a3 22. Rb3 Rxb5 23. Rxa3 Bc5 24. Rb3 Rxb3 25. axb3 Qb5 26. Qd1 Ra8 27. Qc2
Ra3 28. Rb1 Qa6 29. Bf1 Qa7 30. Kg2 g6 31. h5 g5 32. Qe2 Bd4 33. Rc1 Qb6 34.
Qg4 Ra2 35. Be2 Bc5 36. f4 exf4 37. gxf4 Ba3 38. Re1 Qe3 39. fxg5 hxg5 40. Qc8+
Kh7 41. Qf5+ Kg8 1/2-1/2

[Event "XIV Magistral de la Republica Argentina"]
[Site "Villa Martelli, ARG"]
[Date "2010.08.04"]
[Round "1"]
[White "Barreto Filho, Carlos Alberto"]
[Black "Fusco, Leonardo"]
[Result "1-0"]
[WhiteElo "2329"]
[BlackElo "2383"]

1. d4 Nf6 2. c4 g6 3. Nc3 d5 4. Bf4 Bg7 5. e3 c5 6. dxc5 Qa5 7. Qa4+ Qxa4 8.
Nxa4 Ne4 9. f3 Bd7 10. fxe4 Bxa4 11. cxd5 Bxb2 12. Rb1 Bc3+ 13. Kf2 Nd7 14.
Rc1 Nxc5 15. Kf3 Bb4 16. Rc4 Na6 17. Rd4 b5 18. a3 Bxa3 19. Rxa4 bxa4 20. Bxa6
O-O 21. Bb5 Bb2 22. Bxa4 e5 23. dxe6 fxe6 24. Ke2 e5 25. Bg3 Rab8 26. Nf3
Bc3 27. Rc1 Rb2+ 28. Kf1 Rb4 29. Rxc3 Rxa4 30. Bxe5 Rxe4 31. Bd4 Re7 32. Ra3
Rff7 33. Ke2 Rc7 34. Ra2 h6 35. Ne5 Rg7 36. Ng4 1-0

[Event "XIV Magistral de la Republica Argentina"]
[Site "Villa Martelli, ARG"]
[Date "2010.08.05"]
[Round "2"]
[White "Saldano Dayer, Horacio"]
[Black "Real De Azua, Ernesto"]
[Result "0-1"]
[WhiteElo "2428"]
[BlackElo "2432"]

1. e4 c5 2. Nf3 Nc6 3. Bb5 g6 4. O-O Bg7 5. c3 Nf6 6. Qe2 O-O 7. Rd1 Qb6 8.
Na3 d5 9. e5 Ne8 10. h3 Nc7 11. Ba4 Bd7 12. Bb3 c4 13. Bc2 f6 14. exf6 exf6
15. d4 Rfe8 16. Qf1 Qa5 17. b4 Qa6 18. Nb1 b5 19. a4 Qc8 20. Bf4 Ne6 21. Be3
bxa4 22. Nbd2 Ne7 23. Bxa4 Nf5 24. Bxd7 Qxd7 25. Ra5 Nc7 26. Bf4 Nb5 27. Rc1 g5
28. Bh2 a6 29. Qd1 h5 30. Nf1 Bh6 31. g4 hxg4 32. hxg4 Nh4 33. Nxh4 gxh4 34.
Rc2 Re4 35. f3 Re6 36. Qa1 Qh7 37. Rf2 Rae8 38. Rxa6 Re1 39. Qa4 Be3 40. Ra8
Bxf2+ 41. Kxf2 R1e2+ 42. Kg1 Qe7 43. Ra5 0-1

[Event "XIV Magistral de la Republica Argentina"]
[Site "Villa Martelli, ARG"]
[Date "2010.08.05"]
[Round "2"]
[White "Fusco, Leonardo"]
[Black "Barrionuevo, Pablo"]
[Result "0-1"]
[WhiteElo "2383"]
[BlackElo "2337"]

1. d4 d5 2. c4 e6 3. Nc3 c5 4. cxd5 exd5 5. e4 dxe4 6. Bc4 Nf6 7. Qb3 Nc6 8.
Bxf7+ Ke7 9. Bc4 Nxd4 10. Qd1 Bg4 11. Be2 Nxe2 12. Qxd8+ Rxd8 13. Ngxe2 Kf7
14. O-O Bxe2 15. Nxe2 Bd6 16. Re1 Rhe8 17. Kf1 Be5 18. Bf4 Bd4 19. Rad1 Rd5
20. h3 g5 21. Bc1 a5 22. g4 h6 23. Ng3 b5 24. Re2 Kg6 25. Rde1 Rde5 26. Nf5 h5
27. Nd6 Rf8 28. gxh5+ Nxh5 29. Kg2 Rf6 30. Nxb5 Ref5 31. Rf1 Nf4+ 32. Bxf4
Rxf4 33. Nxd4 cxd4 34. Rfe1 d3 35. Rd2 g4 36. Re3 Kf5 37. Rg3 Rg6 38. Rd1 gxh3+
0-1

[Event "XIV Magistral de la Republica Argentina"]
[Site "Villa Martelli, ARG"]
[Date "2010.08.05"]
[Round "2"]
[White "Mareco, Sandro"]
[Black "Barreto Filho, Carlos Alberto"]
[Result "1-0"]
[WhiteElo "2527"]
[BlackElo "2329"]

1. d4 Nf6 2. c4 g6 3. Nc3 Bg7 4. e4 d6 5. Nf3 O-O 6. Be2 e5 7. Be3 exd4 8.
Nxd4 Re8 9. f3 c6 10. Bf2 d5 11. exd5 cxd5 12. O-O Nc6 13. c5 Nh5 14. Qd2 Be5
15. g3 Ng7 16. Rfd1 Be6 17. Nxe6 Nxe6 18. f4 Bd4 19. Bf3 Bxc3 20. Qxc3 d4 21.
Qc4 Rc8 22. b4 Qf6 23. Bg2 Red8 24. Rac1 Qf5 25. b5 Na5 26. Qb4 b6 27. c6 h5
28. Bxd4 Qg4 29. Rd2 h4 30. Bf2 h3 31. Bf1 Rxd2 32. Qxd2 Rd8 33. Qe2 Qf5 34.
Qc2 Qd5 35. Bxh3 Nd4 36. Bxd4 Qxd4+ 37. Qf2 1-0

[Event "XIV Magistral de la Republica Argentina"]
[Site "Villa Martelli, ARG"]
[Date "2010.08.05"]
[Round "2"]
[White "Trois, Francisco R.T."]
[Black "De Dovitiis, Alejo"]
[Result "1/2-1/2"]
[WhiteElo "2319"]
[BlackElo "2361"]

1. Nf3 Nf6 2. d4 e6 3. c4 c5 4. g3 cxd4 5. Nxd4 d5 6. Bg2 e5 7. Nf3 d4 8. O-O
Nc6 9. b4 e4 10. Ng5 Bxb4 11. Nxe4 Nxe4 12. Bxe4 Bh3 13. Bg2 Bxg2 14. Kxg2
O-O 15. Ba3 Bxa3 16. Nxa3 Ne5 17. Nc2 Nc6 18. Qd3 Qf6 19. Rfd1 Rad8 20. Qf3
Qg6 21. Rac1 Ne5 22. Qf4 d3 23. Nb4 Rfe8 24. Nxd3 Nxd3 25. Rxd3 Rxd3 26. exd3
Qxd3 27. Re1 Rf8 28. Re7 b5 29. Rxa7 bxc4 30. Rc7 Qd5+ 31. Qf3 Qa5 1/2-1/2

[Event "XIV Magistral de la Republica Argentina"]
[Site "Villa Martelli, ARG"]
[Date "2010.08.06"]
[Round "3"]
[White "De Dovitiis, Alejo"]
[Black "Saldano Dayer, Horacio"]
[Result "1-0"]
[WhiteElo "2361"]
[BlackElo "2428"]

1. e4 d6 2. d4 Nf6 3. Nc3 g6 4. Be3 c6 5. h3 Nbd7 6. Nf3 e5 7. a4 a5 8. Bc4
Bg7 9. dxe5 dxe5 10. Qd6 Qe7 11. Qxe7+ Kxe7 12. O-O-O h6 13. Rd2 b6 14. Rhd1
Rf8 15. Rd6 Bb7 16. g4 Rfd8 17. g5 Ng8 18. R6d2 Bc8 19. gxh6 Bf6 20. Ng5 Bxg5
21. Bxg5+ f6 22. h7 1-0

[Event "XIV Magistral de la Republica Argentina"]
[Site "Villa Martelli, ARG"]
[Date "2010.08.06"]
[Round "3"]
[White "Slipak, Sergio"]
[Black "Trois, Francisco R.T."]
[Result "1/2-1/2"]
[WhiteElo "2440"]
[BlackElo "2319"]

1. d4 Nf6 2. Nf3 g6 3. c4 Bg7 4. Nc3 O-O 5. Bg5 h6 6. Bh4 c5 7. d5 d6 8. e3
e6 9. Nd2 a6 10. a4 exd5 11. cxd5 Nbd7 12. Be2 Qe7 13. O-O Rb8 14. h3 g5 15.
Bg3 Ne8 16. Nc4 Ne5 17. Nb6 Bf5 18. Kh2 Nf6 19. f4 gxf4 20. exf4 Ned7 21. Nxd7
Qxd7 22. Bd3 Rbe8 23. Qc2 Bxd3 24. Qxd3 Nh5 25. f5 Bxc3 26. bxc3 Nxg3 27.
Qxg3+ Kh7 28. Rf4 Rg8 29. Qd3 f6 30. Qd2 Re5 31. Re1 Qe7 32. Rff1 1/2-1/2

[Event "XIV Magistral de la Republica Argentina"]
[Site "Villa Martelli, ARG"]
[Date "2010.08.06"]
[Round "3"]
[White "Barrionuevo, Pablo"]
[Black "Mareco, Sandro"]
[Result "1/2-1/2"]
[WhiteElo "2337"]
[BlackElo "2527"]

1. d4 Nf6 2. c4 e6 3. Nf3 b6 4. Nc3 Bb7 5. a3 d5 6. cxd5 Nxd5 7. Bd2 Be7 8.
Qc2 c5 9. e4 Nxc3 10. Bxc3 O-O 11. Rd1 Nd7 12. dxc5 Qc8 13. cxb6 Nc5 14. Rd4
axb6 15. Be2 Rd8 16. O-O Rxd4 17. Bxd4 Bxe4 18. Qc3 Bf8 19. Rc1 Qb7 20. b4 Nd7
21. Bb5 e5 22. Be3 Nf6 23. Bg5 Qa7 24. Nd2 Bg6 25. Bxf6 gxf6 26. Nc4 Rd8 27.
Ne3 Rd4 28. h3 h5 29. Rd1 Rxd1+ 30. Nxd1 Qa8 31. Ne3 Qe4 32. Qc6 Qd4 33.
Qxf6 Qa1+ 34. Kh2 Bg7 35. Qd8+ Kh7 36. Qxb6 Qxa3 37. Bd7 Qd3 38. Qb5 Qd2 39. Kg1
Qe1+ 40. Qf1 Qxb4 41. Bf5 1/2-1/2

[Event "XIV Magistral de la Republica Argentina"]
[Site "Villa Martelli, ARG"]
[Date "2010.08.06"]
[Round "3"]
[White "Real De Azua, Ernesto"]
[Black "Fusco, Leonardo"]
[Result "1/2-1/2"]
[WhiteElo "2432"]
[BlackElo "2383"]

1. e4 Nf6 2. e5 Nd5 3. d4 d6 4. Nf3 dxe5 5. Nxe5 c6 6. Bc4 Nd7 7. O-O Nxe5 8.
dxe5 Bf5 9. Bb3 e6 10. Nd2 Be7 11. Qf3 Qc7 12. Re1 O-O-O 13. Nc4 Nb6 14.
Nd6+ Rxd6 15. exd6 Bxd6 16. g3 h5 17. Bf4 Bxf4 18. Qxf4 Qxf4 19. gxf4 Rh6 20. f3
Rf6 21. Kf2 Bg6 22. Rg1 Kc7 23. Rae1 Nc8 24. f5 exf5 25. f4 Rd6 26. Rd1 Kd7
27. c3 Rxd1 28. Rxd1+ Nd6 29. h4 Ke7 30. Bc2 1/2-1/2

[Event "XIV Magistral de la Republica Argentina"]
[Site "Villa Martelli, ARG"]
[Date "2010.08.06"]
[Round "3"]
[White "Barreto Filho, Carlos Alberto"]
[Black "Garcia Palermo, Carlos"]
[Result "0-1"]
[WhiteElo "2329"]
[BlackElo "2450"]

1. d4 Nf6 2. c4 e6 3. Nf3 b6 4. g3 Ba6 5. Qa4 g6 6. Bg2 Bg7 7. O-O O-O 8. Nc3
Bb7 9. Rd1 d5 10. Ne5 Qe8 11. Qxe8 Rxe8 12. Bf4 Na6 13. Rac1 Ne4 14. Nxe4
dxe4 15. Ng4 h5 16. Ne3 c5 17. Be5 f6 18. Bd6 cxd4 19. Rxd4 Red8 20. Rcd1 f5
21. Be5 Rxd4 22. Bxd4 Rd8 23. Bxg7 Rxd1+ 24. Nxd1 Kxg7 25. Nc3 Kf6 26. Nb5 Nc5
27. Nxa7 Na4 28. b4 Nc3 29. e3 Nxa2 30. c5 Nxb4 31. cxb6 Nd5 32. Nb5 Nxb6 33.
h4 Ba6 34. Nd4 Nd5 35. Nb3 Ke7 36. Nd4 Kd6 37. Nb3 e5 38. Nd2 Bd3 39. Nb3
Kc6 40. Nc1 Bc4 41. Bf1 Kc5 42. Bxc4 Kxc4 43. Ne2 Kd3 44. Kf1 Kd2 45. Ng1 f4
46. exf4 exf4 47. Ne2 f3 48. Nd4 Ne7 49. Ne6 Nf5 50. Ng5 Kd3 51. Nf7 e3 52. Ng5
e2+ 0-1

[Event "XIV Magistral de la Republica Argentina"]
[Site "Villa Martelli, ARG"]
[Date "2010.08.07"]
[Round "4"]
[White "De Dovitiis, Alejo"]
[Black "Slipak, Sergio"]
[Result "1/2-1/2"]
[WhiteElo "2361"]
[BlackElo "2440"]

1. e4 e5 2. Nf3 Nc6 3. Bb5 Nge7 4. O-O g6 5. d4 exd4 6. Nxd4 Bg7 7. Ne2 O-O
8. Nbc3 a6 9. Ba4 b5 10. Bb3 Na5 11. Bg5 Nxb3 12. axb3 Bb7 13. Qd2 f6 14. Be3
d6 15. Rfd1 f5 16. Bd4 fxe4 17. Bxg7 Kxg7 18. Nxe4 Nf5 19. Qc3+ Kg8 1/2-1/2

[Event "XIV Magistral de la Republica Argentina"]
[Site "Villa Martelli, ARG"]
[Date "2010.08.07"]
[Round "4"]
[White "Saldano Dayer, Horacio"]
[Black "Fusco, Leonardo"]
[Result "1/2-1/2"]
[WhiteElo "2428"]
[BlackElo "2383"]

1. e4 Nf6 2. Nc3 d5 3. e5 d4 4. exf6 dxc3 5. fxg7 cxd2+ 6. Qxd2 Qxd2+ 7. Bxd2
Bxg7 8. O-O-O Bf5 9. Nf3 Nd7 10. Be3 a6 11. Nd4 1/2-1/2

[Event "XIV Magistral de la Republica Argentina"]
[Site "Villa Martelli, ARG"]
[Date "2010.08.07"]
[Round "4"]
[White "Mareco, Sandro"]
[Black "Real De Azua, Ernesto"]
[Result "1-0"]
[WhiteElo "2527"]
[BlackElo "2432"]

1. d4 Nf6 2. c4 c5 3. Nf3 cxd4 4. Nxd4 e6 5. Nc3 a6 6. e4 Qc7 7. a3 Nc6 8.
Be2 Nxd4 9. Qxd4 Bd6 10. Be3 Be5 11. Qd3 b6 12. h3 Bb7 13. O-O O-O 14. Bd4 d6
15. Rfd1 Rfd8 16. Qe3 Nd7 17. b4 Rab8 18. Rac1 h6 19. Rd2 Bf6 20. Bxf6 Nxf6
21. Rcd1 Rbc8 22. f3 Ba8 23. Na4 Rb8 24. e5 Ne8 25. exd6 Rxd6 26. Rxd6 Nxd6 27.
Nxb6 Rxb6 28. c5 Rc6 29. cxd6 Rxd6 30. Rxd6 Qxd6 31. Qa7 Bd5 32. Qxa6 Qe5
33. Qd3 h5 34. Kf2 h4 35. Qe3 Qb2 36. Qd3 g6 37. b5 Kh7 38. Kg1 Qc1+ 39. Kf2
Qb2 40. a4 Qb4 41. Bd1 Qb2+ 42. Kg1 Qc1 43. Kf2 Qb2+ 44. Kg1 Qc1 45. Qc2 Qa1
46. Kf1 Qd4 47. Be2 Qb4 48. Qc7 Qxa4 49. Qxf7+ Kh6 50. Qf8+ Kg5 51. Qe7+ Kf5
52. Qg7 Qa3 53. Qd4 Qc1+ 54. Kf2 Qf4 55. Bd3+ Kg5 56. Qxf4+ Kxf4 57. b6 Bb7 58.
Be4 1-0

[Event "XIV Magistral de la Republica Argentina"]
[Site "Villa Martelli, ARG"]
[Date "2010.08.07"]
[Round "4"]
[White "Garcia Palermo, Carlos"]
[Black "Barrionuevo, Pablo"]
[Result "1/2-1/2"]
[WhiteElo "2450"]
[BlackElo "2337"]

1. d4 d5 2. Nf3 e6 3. c4 c5 4. cxd5 exd5 5. g3 Nc6 6. Bg2 Nf6 7. O-O Be7 8.
Nc3 O-O 9. b3 Ne4 10. Bb2 Bf6 11. Na4 b6 12. Rc1 Ba6 13. dxc5 Bxb2 14. Nxb2
Nxc5 15. Nd4 Nxd4 16. Qxd4 Bxe2 17. Rfe1 Ba6 18. Bxd5 Bb7 19. Re5 Ne6 20. Qe4
Bxd5 21. Rxd5 Qf6 22. Nc4 Rad8 23. Rcd1 Rxd5 24. Qxd5 Rd8 25. Nd6 g6 26. Kg2
Kg7 27. h4 h5 28. b4 Kf8 29. Qd2 Ng7 30. Qd4 Qxd4 31. Rxd4 Ne6 32. Rd2 Ke7 33.
Nc4 Rxd2 34. Nxd2 Kd6 35. Kf3 Kd5 36. Ke3 Nd4 37. Kd3 Nc6 38. a3 Ne5+ 39.
Kc3 Ng4 40. f3 Ne5 41. f4 Ng4 42. Kd3 Nf2+ 43. Ke3 Ng4+ 44. Kd3 Nf2+ 45. Ke3
Ng4+ 1/2-1/2

[Event "XIV Magistral de la Republica Argentina"]
[Site "Villa Martelli, ARG"]
[Date "2010.08.08"]
[Round "5"]
[White "Slipak, Sergio"]
[Black "Saldano Dayer, Horacio"]
[Result "1/2-1/2"]
[WhiteElo "2440"]
[BlackElo "2428"]

1. d4 Nf6 2. c4 e6 3. Nc3 Bb4 4. e3 O-O 5. Nge2 d5 6. a3 Bd6 7. c5 Be7 8. b4
Nbd7 9. f4 c6 10. Bb2 b6 11. Nc1 Qc7 12. Be2 a5 13. O-O Ba6 14. Nd3 Bc4 15.
Ne5 Bxe2 16. Qxe2 Nxe5 17. fxe5 Nd7 18. e4 axb4 19. axb4 Rxa1 20. Rxa1 bxc5
21. bxc5 Qb7 22. exd5 exd5 23. Bc1 Re8 24. Rb1 Qc8 25. Qg4 Nf8 26. Qxc8 Rxc8
27. Rb7 Bd8 28. Be3 Ne6 29. Na4 Ra8 30. Nb6 Ra1+ 31. Kf2 Bc7 32. Nc8 Kf8 33.
Ra7 Rxa7 34. Nxa7 Nd8 35. Bg5 Ne6 36. Be3 Nd8 37. Bg5 1/2-1/2

[Event "XIV Magistral de la Republica Argentina"]
[Site "Villa Martelli, ARG"]
[Date "2010.08.08"]
[Round "5"]
[White "Barreto Filho, Carlos Alberto"]
[Black "De Dovitiis, Alejo"]
[Result "0-1"]
[WhiteElo "2329"]
[BlackElo "2361"]

1. d4 Nf6 2. c4 e6 3. Nf3 c5 4. d5 exd5 5. cxd5 d6 6. Nc3 a6 7. a4 g6 8. Nd2
Nbd7 9. e4 Bg7 10. Be2 O-O 11. O-O Re8 12. f3 Nh5 13. Nc4 Ne5 14. g4 Nxc4 15.
Bxc4 Nf6 16. Bg5 h6 17. Bf4 h5 18. g5 Nh7 19. Qd2 Bh3 20. Rfd1 Bd4+ 21. Kh1
f6 22. Ne2 fxg5 23. Nxd4 cxd4 24. Bg3 Qf6 25. Be2 g4 26. Qxd4 gxf3 27. Qxf6
Bg2+ 28. Kg1 Nxf6 29. Bxf3 Bxf3 30. Rf1 Rxe4 31. Rxf3 Nxd5 32. Rd1 Ne7 33.
Rxd6 Rc8 34. Rb6 h4 35. Bf2 Rc1+ 36. Kg2 Nd5 37. Rxg6+ Kh7 38. Rg5 Nf4+ 39. Rxf4
Rxf4 40. Rh5+ Kg6 0-1

[Event "XIV Magistral de la Republica Argentina"]
[Site "Villa Martelli, ARG"]
[Date "2010.08.08"]
[Round "5"]
[White "Barrionuevo, Pablo"]
[Black "Trois, Francisco R.T."]
[Result "1-0"]
[WhiteElo "2337"]
[BlackElo "2319"]

1. d4 Nf6 2. c4 c5 3. d5 g6 4. Nc3 d6 5. e4 Bg7 6. Nf3 O-O 7. h3 e6 8. Bd3
exd5 9. exd5 Re8+ 10. Be3 Bh6 11. O-O Bxe3 12. fxe3 Kg7 13. e4 a6 14. Qd2 Nbd7
15. Rf2 Qe7 16. Raf1 Rf8 17. e5 dxe5 18. Ng5 h6 19. Bxg6 hxg5 20. d6 Qd8 21.
Bc2 Nh5 22. Qd3 f5 23. Rxf5 Nf4 24. Rxg5+ Qxg5 25. Qh7+ Kf6 26. Qe7# 1-0

[Event "XIV Magistral de la Republica Argentina"]
[Site "Villa Martelli, ARG"]
[Date "2010.08.08"]
[Round "5"]
[White "Real De Azua, Ernesto"]
[Black "Garcia Palermo, Carlos"]
[Result "1-0"]
[WhiteElo "2432"]
[BlackElo "2450"]

1. d4 Nf6 2. c4 e6 3. Nf3 b6 4. g3 Bb7 5. Bg2 Bb4+ 6. Bd2 c5 7. d5 exd5 8.
Nh4 O-O 9. Bxb4 cxb4 10. O-O Na6 11. cxd5 Re8 12. a3 Re5 13. axb4 Qe8 14. Nc3
Nxb4 15. e4 g6 16. f4 1-0

[Event "XIV Magistral de la Republica Argentina"]
[Site "Villa Martelli, ARG"]
[Date "2010.08.08"]
[Round "5"]
[White "Fusco, Leonardo"]
[Black "Mareco, Sandro"]
[Result "0-1"]
[WhiteElo "2383"]
[BlackElo "2527"]

1. e4 c5 2. Nf3 d6 3. d4 cxd4 4. Nxd4 Nf6 5. Nc3 a6 6. Bg5 Nbd7 7. Bc4 Qb6 8.
Bb3 e6 9. O-O Be7 10. Kh1 Nc5 11. Qe2 h6 12. Be3 Qc7 13. f4 O-O 14. f5 e5
15. Nf3 Nxb3 16. axb3 Bd7 17. Rad1 b5 18. b4 a5 19. Nxb5 Bxb5 20. Qxb5 Rfb8 21.
Qd3 Rxb4 0-1

[Event "XIV Magistral de la Republica Argentina"]
[Site "Villa Martelli, ARG"]
[Date "2010.08.09"]
[Round "6"]
[White "Garcia Palermo, Carlos"]
[Black "Fusco, Leonardo"]
[Result "1-0"]
[WhiteElo "2450"]
[BlackElo "2383"]

1. d4 Nf6 2. Nf3 g6 3. c3 Bg7 4. Bg5 O-O 5. Nbd2 d5 6. e3 b6 7. Be2 Bb7 8.
O-O Nbd7 9. b4 Ne4 10. Nxe4 dxe4 11. Nd2 h6 12. Bh4 g5 13. Bg3 f5 14. f3 f4 15.
Bf2 exf3 16. Bxf3 Bxf3 17. Nxf3 e5 18. exf4 exf4 19. Qb3+ Kh8 20. Rae1 g4
21. Nh4 Qg5 22. Qe6 Nf6 23. Re5 Rfe8 24. Qc6 Rxe5 25. dxe5 Rf8 26. exf6 Rxf6
27. Qe8+ 1-0

[Event "XIV Magistral de la Republica Argentina"]
[Site "Villa Martelli, ARG"]
[Date "2010.08.09"]
[Round "6"]
[White "Trois, Francisco R.T."]
[Black "Real De Azua, Ernesto"]
[Result "1/2-1/2"]
[WhiteElo "2319"]
[BlackElo "2432"]

1. c4 Nf6 2. Nc3 c5 3. Nf3 e6 4. e3 Be7 5. d4 cxd4 6. exd4 d5 7. cxd5 Nxd5 8.
Bb5+ Bd7 9. Bxd7+ Qxd7 10. Ne5 Nxc3 11. bxc3 Qd5 12. O-O Nc6 13. Re1 O-O 14.
Qg4 Bf6 15. Qg3 Bxe5 16. dxe5 Ne7 17. Bg5 Nf5 18. Qh3 Rfe8 19. g4 Ne7 20.
Bxe7 Rxe7 21. Rad1 Qxa2 22. Qh4 Ree8 23. Rd7 Qc2 24. Re3 Qb1+ 25. Kg2 a5 26.
Red3 Qb5 27. Qh5 Qc6+ 28. f3 Rf8 29. Qg5 a4 30. Qe7 h6 31. g5 Rae8 32. Qb4 hxg5
33. h4 g4 34. Qxg4 a3 35. h5 Kh7 36. h6 gxh6 37. Kh2 Qc5 38. Qe4+ Kg7 39.
Qg4+ 1/2-1/2

[Event "XIV Magistral de la Republica Argentina"]
[Site "Villa Martelli, ARG"]
[Date "2010.08.09"]
[Round "6"]
[White "De Dovitiis, Alejo"]
[Black "Barrionuevo, Pablo"]
[Result "0-1"]
[WhiteElo "2361"]
[BlackElo "2337"]

1. e4 c5 2. Nf3 Nc6 3. d4 cxd4 4. Nxd4 e5 5. Nb5 d6 6. N1c3 a6 7. Na3 Be7 8.
Nd5 Nf6 9. Be3 Nxd5 10. exd5 Nd4 11. Bxd4 exd4 12. Qxd4 O-O 13. O-O-O Bf6 14.
Qb4 b5 15. Bd3 Rb8 16. h4 g6 17. h5 a5 18. Qe4 Bd7 19. hxg6 hxg6 20. g4 Re8
21. Qg2 Qe7 22. Qg3 Qe5 23. Qxe5 Rxe5 24. f3 Rxd5 25. Be4 Rxd1+ 26. Rxd1 Be5
27. b3 Bf4+ 28. Kb2 Be5+ 29. Kc1 Bf4+ 30. Kb1 a4 31. c3 Be5 32. Rd3 Kg7 33.
c4 b4 34. Nc2 f5 35. gxf5 gxf5 36. Bd5 a3 37. f4 Bxf4 38. Bg2 Kf6 39. c5 Rg8
40. Ne1 Re8 41. Nc2 Rg8 42. Ne1 Rc8 43. c6 Bxc6 44. Bxc6 Rxc6 45. Rd1 Be5 46.
Nd3 Rb6 47. Rf1 Rb8 48. Kc2 Ke6 49. Kd1 Bc3 50. Rf4 d5 51. Nc5+ Ke5 52. Nd3+
Kf6 53. Nc5 Rh8 54. Nd3 Rh1+ 55. Ke2 d4 56. Rf1 Rh2+ 57. Rf2 Rh8 58. Nf4 Re8+
59. Kd3 Re1 60. Kc4 Kg5 61. Nd3 Re8 62. Rg2+ Kf6 63. Nf4 Rc8+ 64. Kd3 Ke5
65. Ng6+ Kd6 66. Nf4 Bb2 67. Ne2 Ke5 68. Rg7 Rh8 69. Re7+ Kd6 70. Rg7 Rh3+ 71.
Rg3 Rxg3+ 72. Nxg3 f4 73. Ne4+ Ke5 74. Nd2 Kf5 75. Nf3 Kg4 76. Ne5+ Kg3 77.
Ke4 Bc3 78. Nd3 f3 0-1

[Event "XIV Magistral de la Republica Argentina"]
[Site "Villa Martelli, ARG"]
[Date "2010.08.09"]
[Round "6"]
[White "Slipak, Sergio"]
[Black "Barreto Filho, Carlos Alberto"]
[Result "1/2-1/2"]
[WhiteElo "2440"]
[BlackElo "2329"]

1. e4 c5 2. Nc3 Nc6 3. f4 g6 4. Nf3 Bg7 5. Bb5 Nd4 6. O-O Nxb5 7. Nxb5 d5 8.
e5 a6 9. Nc3 Bg4 10. d4 cxd4 11. Qxd4 Bxf3 12. Rxf3 e6 13. Qb4 b5 14. a4 Bf8
15. Qb3 Bc5+ 16. Kh1 b4 17. Ne2 Ne7 18. Be3 Bxe3 19. Qxe3 O-O 20. Nd4 Rc8 21.
Rh3 Nf5 22. Nxf5 exf5 23. Qd2 Rc4 24. b3 Rc5 25. Qxb4 Rxc2 26. Rc3 Rxc3 27.
Qxc3 Qb6 28. Rd1 Rd8 29. Rd4 a5 30. h3 Rd7 31. b4 axb4 32. Rxb4 Rc7 33. Rxb6
Rxc3 34. a5 Ra3 35. a6 Ra1+ 36. Kh2 d4 37. g4 fxg4 38. hxg4 d3 39. Rd6 d2 40.
Rxd2 Rxa6 41. Rd3 Ra5 42. Re3 Ra1 43. Kg3 Rg1+ 44. Kf3 Rf1+ 45. Ke4 Rg1 46.
g5 Kg7 47. Rd3 h6 48. gxh6+ Kxh6 49. Rd7 Kg7 50. Kf3 Ra1 51. Kf2 Ra4 52. Kf3
1/2-1/2

[Event "XIV Magistral de la Republica Argentina"]
[Site "Villa Martelli, ARG"]
[Date "2010.08.10"]
[Round "7"]
[White "Barreto Filho, Carlos Alberto"]
[Black "Saldano Dayer, Horacio"]
[Result "1-0"]
[WhiteElo "2329"]
[BlackElo "2428"]

1. d4 Nf6 2. c4 e6 3. Nf3 d5 4. Nc3 Bb4 5. Bg5 Nbd7 6. cxd5 exd5 7. e3 c5 8.
Bd3 Qa5 9. Qc2 c4 10. Bf5 O-O 11. O-O Re8 12. Nd2 g6 13. Bxd7 Nxd7 14. e4
dxe4 15. h4 Bxc3 16. Nxc4 Qc7 17. Qxc3 b5 18. Ne3 Qxc3 19. bxc3 Nb6 20. a4 Be6
21. axb5 Rec8 22. Ra3 Kg7 23. Bf4 Nc4 24. Nxc4 Bxc4 25. Rb1 Bd5 26. Bd6 Bb7
27. Bc5 a6 28. bxa6 Bxa6 29. Rb4 Bd3 30. Rxa8 Rxa8 31. d5 Kf6 32. Bd4+ Kf5 33.
Rb6 Ra6 34. Rb7 f6 35. Bc5 Ra1+ 36. Kh2 Ra5 37. Rc7 e3 38. Bxe3 Rxd5 39. Rxh7
Ke6 40. Rh8 Rh5 41. Rd8 Rd5 42. Rc8 Kd7 43. Rf8 Ke7 44. Ra8 Re5 45. Ra7+ Ke6
46. Rc7 Re4 47. Bd4 g5 48. Rc6+ Kd5 49. Rb6 Rxh4+ 50. Kg3 Re4 1-0

[Event "XIV Magistral de la Republica Argentina"]
[Site "Villa Martelli, ARG"]
[Date "2010.08.10"]
[Round "7"]
[White "Real De Azua, Ernesto"]
[Black "De Dovitiis, Alejo"]
[Result "1-0"]
[WhiteElo "2432"]
[BlackElo "2361"]

1. d4 Nf6 2. c4 e6 3. Nf3 c5 4. g3 cxd4 5. Nxd4 Nc6 6. Nc3 Bc5 7. Nb3 Bb4 8.
Bg2 b6 9. O-O Ba6 10. Nb5 Rc8 11. Bf4 d5 12. N3d4 Nxd4 13. Nxd4 O-O 14. Qa4
Ba5 15. b3 Qe8 16. Nb5 dxc4 17. bxc4 e5 18. Bg5 Qe6 19. Rac1 Rc5 20. Be3 Rcc8
21. h3 Nd7 22. Rfd1 Nc5 23. Qa3 Qe7 24. Nd6 Rc7 25. Nf5 Qe6 26. g4 g6 27. Bd5
Qf6 28. Nh6+ Kg7 29. g5 Qe7 30. Ng4 Ne6 31. Qxe7 Rxe7 32. Nxe5 Nd8 33. Bd4
Kg8 34. Ng4 1-0

[Event "XIV Magistral de la Republica Argentina"]
[Site "Villa Martelli, ARG"]
[Date "2010.08.10"]
[Round "7"]
[White "Fusco, Leonardo"]
[Black "Trois, Francisco R.T."]
[Result "1-0"]
[WhiteElo "2383"]
[BlackElo "2319"]

1. d4 Nf6 2. c4 e6 3. Nc3 Bb4 4. Qc2 d6 5. Bg5 Nbd7 6. e3 c5 7. dxc5 Nxc5 8.
Nge2 h6 9. Bxf6 Qxf6 10. a3 Bxc3+ 11. Nxc3 O-O 12. Rd1 Rd8 13. b4 Na6 14. Be2
Nc7 15. O-O d5 16. cxd5 Nxd5 17. Nxd5 exd5 18. Bf3 Bf5 19. Qc7 Rd7 20. Qc5
b6 21. Qb5 Rad8 22. Rd4 Be6 23. Rfd1 Qg6 24. Qc6 Rd6 25. Qa4 R6d7 26. g3 f5
27. Qc6 Qf7 28. Qc3 Qf6 29. Qd2 Qf7 30. Rd3 g5 31. Rd4 Kh7 32. Qd3 Kg7 33. Qd2
Kh7 34. Be2 Kg7 35. Bf3 Kh7 36. Rc1 Rd6 37. h4 Kg6 38. Kg2 g4 39. Bd1 Rc8 40.
Rxc8 Bxc8 41. Qc2 Qb7 42. Bxg4 1-0

[Event "XIV Magistral de la Republica Argentina"]
[Site "Villa Martelli, ARG"]
[Date "2010.08.10"]
[Round "7"]
[White "Mareco, Sandro"]
[Black "Garcia Palermo, Carlos"]
[Result "1-0"]
[WhiteElo "2527"]
[BlackElo "2450"]

1. d4 Nf6 2. c4 e6 3. Nf3 b6 4. g3 Bb4+ 5. Bd2 c5 6. Bg2 Bb7 7. O-O Bxd2 8.
Qxd2 cxd4 9. Qxd4 Nc6 10. Qd2 d5 11. Rd1 O-O 12. cxd5 Qxd5 13. Nc3 Qh5 14. Qf4
Rac8 15. e4 Ne7 16. Ne5 Ng6 17. Nxg6 fxg6 18. Bf3 Qh3 19. Qd6 Rce8 20. Bg2
Qh5 21. f3 g5 22. Qe5 g4 23. Qxh5 Nxh5 24. fxg4 Nf6 25. h3 Re7 26. e5 Nd5 27.
Nxd5 Bxd5 28. Bxd5 exd5 29. Rxd5 Kf7 30. Re1 Rc7 31. Re2 Ke7 32. Kg2 Rfc8 33.
e6 Rf8 34. Rf5 Rf6 35. Rxf6 Kxf6 36. e7 Rxe7 37. g5+ Kf7 38. Rxe7+ Kxe7 39.
Kf3 g6 40. Kf4 Kd6 41. Ke4 Ke6 42. b4 a6 43. a3 Kd6 44. Kd4 Ke6 45. g4 Kd6
46. h4 Ke6 47. a4 Kd6 48. a5 bxa5 49. bxa5 Kc6 50. Ke5 Kb5 51. Kf6 Kxa5 52. Kg7
Kb4 53. h5 a5 54. Kxh7 a4 55. hxg6 a3 56. g7 a2 57. g8=Q a1=Q 58. Qf8+ Kb5
59. Qf5+ Kb4 60. Qe4+ Kb3 61. g6 Qg1 62. g7 Qh2+ 63. Kg6 Qd6+ 64. Kf5 Qc5+ 65.
Kf6 Qc3+ 66. Kg6 1-0